Slug Needs a Hug! (Record no. 47813)
| 000 -LEADER | |
|---|---|
| fixed length control field | 00366nam a22001217a 4500 |
| 008 - FIXED-LENGTH DATA ELEMENTS--GENERAL INFORMATION | |
| fixed length control field | 241107b |||||||| |||| 00| 0 eng d |
| 020 ## - INTERNATIONAL STANDARD BOOK NUMBER | |
| International Standard Book Number | 9781783442096 |
| 100 ## - MAIN ENTRY--PERSONAL NAME | |
| Personal name | Jeanne Willis |
| 9 (RLIN) | 47011 |
| 245 ## - TITLE STATEMENT | |
| Title | Slug Needs a Hug! |
| Statement of responsibility, etc | | Jeanne Willis (Author), Tony Ross (Illustrator) |
| 260 ## - PUBLICATION, DISTRIBUTION, ETC. (IMPRINT) | |
| Place of publication, distribution, etc | London |
| Name of publisher, distributor, etc | Andersen Press |
| Date of publication, distribution, etc | 2015 |
| 300 ## - PHYSICAL DESCRIPTION | |
| Extent | 32 p |
| Other physical details | col. ill. |
| Dimensions | 37 cm. |
| 942 ## - ADDED ENTRY ELEMENTS (KOHA) | |
| Source of classification or shelving scheme | |
| Withdrawn status | Lost status | Source of classification or shelving scheme | Damaged status | Not for loan | Collection code | Home library | Current library | Shelving location | Date acquired | Full call number | Barcode | Date last seen | Price effective from | Koha item type |
|---|---|---|---|---|---|---|---|---|---|---|---|---|---|---|
| Siem Riep | Asian Hope Siem Reap | Asian Hope Siem Reap | Easy Reading | 11/07/2024 | E WIL | 207370 | 11/07/2024 | 11/07/2024 | Book |